[Event "XXVI Ogolnopolska Olimpiada Mlodziezy"]
[Site "Pulawy"]
[Date "2020.10.05"]
[Round "1.1"]
[White "Kejna, Piotr"]
[Black "Klimkowski, Jan"]
[Result "0-1"]
[WhiteElo "1772"]
[BlackElo "2298"]
[PlyCount "70"]
[EventDate "2020.10.04"]
[EventType "swiss"]
[Tiebreak "Sum of Buchholz+Median1 Buchholz+Sonneborn-Berger (Swiss)"]

1. e4 c5 2. Nf3 d6 3. d4 cxd4 4. Nxd4 Nf6 5. Nc3 a6 6. Bg5 Nbd7 7. Qe2 h6 8.
Bh4 e6 9. f4 Qc7 10. O-O-O b5 11. g4 Bb7 12. Bg2 Nb6 13. a3 Be7 14. e5 dxe5 15.
fxe5 Nfd5 16. Nxd5 Nxd5 17. Bxe7 Qxe7 18. Rhf1 O-O 19. Kb1 Qg5 20. Rd3 Rab8 21.
Qf2 Qxe5 22. h4 Nf4 23. Qxf4 Qxf4 24. Rxf4 Bxg2 25. Rf2 Bd5 26. Kc1 Rbd8 27.
Re3 Rfe8 28. b3 Bb7 29. Ne2 f6 30. Rc3 Rd7 31. Rc5 e5 32. c4 bxc4 33. bxc4 Rc8
34. Rxc8+ Bxc8 35. Kc2 Rc7 0-1

[Event "XXVI Ogolnopolska Olimpiada Mlodziezy"]
[Site "Pulawy"]
[Date "2020.10.05"]
[Round "1.1"]
[White "Leks, Emilia"]
[Black "Szczotka, Klara"]
[Result "0-1"]
[WhiteElo "1211"]
[BlackElo "1959"]
[PlyCount "62"]
[EventDate "2020.10.04"]
[EventType "swiss"]
[Tiebreak "Sum of Buchholz+Median1 Buchholz+Sonneborn-Berger (Swiss)"]

1. d4 Nf6 2. c4 e6 3. Nc3 Bb4 4. Bg5 d5 5. e3 O-O 6. Nf3 b6 7. Be2 Bb7 8. O-O
h6 9. Bh4 Be7 10. Nb5 a6 11. Nc3 Ne4 12. Bxe7 Qxe7 13. Nxe4 dxe4 14. Nd2 f5 15.
Qb3 Rd8 16. c5 b5 17. a4 Bd5 18. Qc3 c6 19. a5 Nd7 20. b4 Nf6 21. h3 Ra7 22.
Rfc1 Qe8 23. Qc2 g5 24. Qd1 Rg7 25. Ra3 Qg6 26. Qe1 h5 27. Kh2 h4 28. g3 hxg3+
29. fxg3 Kf7 30. Qf2 Rh8 31. Bf1 Ng4+ 0-1

[Event "XXVI Ogolnopolska Olimpiada Mlodziezy"]
[Site "Pulawy"]
[Date "2020.10.05"]
[Round "1.1"]
[White "Niedorys, Karolina"]
[Black "Starosta, Martyna"]
[Result "0-1"]
[WhiteElo "1364"]
[BlackElo "2046"]
[PlyCount "98"]
[EventDate "2020.10.04"]
[EventType "swiss"]
[Tiebreak "Sum of Buchholz+Median1 Buchholz+Sonneborn-Berger (Swiss)"]

1. e4 e5 2. Nf3 Nc6 3. Bb5 a6 4. Bxc6 dxc6 5. d3 Bd6 6. h3 Ne7 7. O-O O-O 8.
Re1 Ng6 9. Nc3 h6 10. Be3 f5 11. exf5 Bxf5 12. Ne4 Qd7 13. Kh2 Rf7 14. Ng3 Be6
15. Nd2 Nf4 16. Bxf4 exf4 17. Nge4 f3+ 18. Nxd6 Qxd6+ 19. g3 Qc5 20. Re3 Bxh3
21. Nxf3 Bg4 22. Kg2 Raf8 23. Qd2 Bxf3+ 24. Rxf3 Rxf3 25. d4 Rxf2+ 26. Qxf2
Rxf2+ 27. Kxf2 Qxd4+ 28. Kg2 Qxb2 29. Rf1 Qxa2 30. Rf2 a5 31. Kf3 a4 32. g4 a3
33. c3 Qxf2+ 34. Kxf2 a2 35. Ke3 a1=Q 36. Ke4 Qxc3 37. Kf4 Kf7 38. Ke4 Qc4+ 39.
Kf3 Kf6 40. Kg3 Kg5 41. Kf3 Qf4+ 42. Ke2 Qg3 43. Kd2 Kf4 44. Kc2 Ke4 45. Kb2
Kd4 46. Ka2 Kc4 47. Kb2 Qf2+ 48. Ka1 Kb3 49. Kb1 Qb2# 0-1

[Event "XXVI Ogolnopolska Olimpiada Mlodziezy"]
[Site "Pulawy"]
[Date "2020.10.05"]
[Round "1.1"]
[White "Rozek, Michal"]
[Black "Seemann, Jakub"]
[Result "0-1"]
[WhiteElo "1442"]
[BlackElo "2339"]
[PlyCount "88"]
[EventDate "2020.10.04"]
[EventType "swiss"]
[Tiebreak "Sum of Buchholz+Median1 Buchholz+Sonneborn-Berger (Swiss)"]

1. e4 c5 2. Nf3 d6 3. Bb5+ Bd7 4. Bxd7+ Qxd7 5. c4 Nf6 6. Nc3 g6 7. d4 cxd4 8.
Nxd4 Bg7 9. f3 O-O 10. Be3 Nc6 11. O-O Rac8 12. b3 a6 13. Rc1 Nxd4 14. Bxd4 b5
15. cxb5 axb5 16. Qd2 Qb7 17. Rfe1 Rfd8 18. Nd5 e5 19. Nxf6+ Bxf6 20. Be3 h5
21. Rxc8 Qxc8 22. Rc1 Qa8 23. Rc7 d5 24. exd5 Rxd5 25. Rc8+ Qxc8 26. Qxd5 Qc3
27. Qd2 Qa1+ 28. Kf2 Qh1 29. Bg5 Bxg5 30. Qxg5 Qxh2 31. Qd8+ Kg7 32. Qd5 b4 33.
Qc5 Qh4+ 34. Ke2 Qf4 35. Qd6 h4 36. a3 bxa3 37. Qxa3 Qg3 38. Kf1 h3 39. gxh3
Qxf3+ 40. Ke1 Qxh3 41. Qb4 Qe3+ 42. Kd1 Qd4+ 43. Qxd4 exd4 44. b4 Kf6 0-1

[Event "XXVI Ogolnopolska Olimpiada Mlodziezy"]
[Site "Pulawy"]
[Date "2020.10.05"]
[Round "1.2"]
[White "Chyzy, Jakub"]
[Black "Jeda, Maciej"]
[Result "1-0"]
[WhiteElo "2250"]
[BlackElo "1768"]
[PlyCount "73"]
[EventDate "2020.10.04"]
[EventType "swiss"]
[Tiebreak "Sum of Buchholz+Median1 Buchholz+Sonneborn-Berger (Swiss)"]

1. e4 c5 2. Nf3 d6 3. d4 cxd4 4. Qxd4 Nc6 5. Bb5 Bd7 6. Bxc6 Bxc6 7. Nc3 h6 8.
b3 Nf6 9. Bb2 g6 10. O-O-O Bg7 11. Rhe1 O-O 12. Qd2 Qc7 13. Nd4 a5 14. a4 Rac8
15. Kb1 Rfd8 16. f3 Kh7 17. Ncb5 Qb6 18. Na3 Qa6 19. Bc3 b6 20. Nxc6 Rxc6 21.
Bxf6 Bxf6 22. e5 Bg7 23. Qd5 Qc8 24. Qxf7 dxe5 25. Qxe7 Rd4 26. Rxd4 exd4 27.
Qe8 Qb7 28. Re7 Rc7 29. Re6 Rf7 30. Nc4 Rf6 31. Re7 Qd5 32. Ne5 Qd6 33. Nd7 d3
34. Nxf6+ Qxf6 35. Rxg7+ Kxg7 36. Qd7+ Qf7 37. Qxf7+ 1-0

[Event "XXVI Ogolnopolska Olimpiada Mlodziezy"]
[Site "Pulawy"]
[Date "2020.10.05"]
[Round "1.2"]
[White "Krawczyk, Flawian"]
[Black "Bartoszczuk, Adam"]
[Result "1-0"]
[WhiteElo "2114"]
[BlackElo "1439"]
[PlyCount "119"]
[EventDate "2020.10.04"]
[EventType "swiss"]
[Tiebreak "Sum of Buchholz+Median1 Buchholz+Sonneborn-Berger (Swiss)"]

1. d4 Nf6 2. Nf3 e6 3. c4 b6 4. g3 Bb7 5. Bg2 Be7 6. O-O O-O 7. Nc3 d5 8. Ne5
c6 9. Qc2 Nbd7 10. f4 Rc8 11. cxd5 cxd5 12. Qd3 Nb8 13. g4 Nfd7 14. Rf3 Ba6 15.
Qe3 Nxe5 16. fxe5 Nc6 17. Kh1 h6 18. Qd2 f6 19. g5 hxg5 20. exf6 Bxf6 21. e3
Ne7 22. Qd1 Nf5 23. Bh3 g6 24. Qg1 Bd3 25. Qf2 Rxc3 26. bxc3 Be4 27. Kg1 Bxf3
28. Qxf3 Qd6 29. Bxf5 gxf5 30. Bd2 Kg7 31. Qg2 Rh8 32. Rf1 Rh4 33. Rf3 g4 34.
Rg3 Rh7 35. Qe2 Kf7 36. Rg2 Rh3 37. Be1 Bg5 38. Rg3 Rh8 39. Rg2 Qa3 40. Qd2 Rc8
41. h3 Rg8 42. hxg4 fxg4 43. Bg3 Rh8 44. Be5 Rh3 45. Rg3 Rh4 46. Kg2 Qa6 47.
Qf2+ Ke7 48. Bf4 Bxf4 49. exf4 Qc4 50. f5 exf5 51. Re3+ Kd6 52. Qxh4 Qxa2+ 53.
Qf2 Qxf2+ 54. Kxf2 f4 55. Re8 a5 56. Rf8 f3 57. Rf6+ Kc7 58. Kg3 a4 59. Kxg4 f2
60. Rxf2 1-0

[Event "XXVI Ogolnopolska Olimpiada Mlodziezy"]
[Site "Pulawy"]
[Date "2020.10.05"]
[Round "1.2"]
[White "Seemann, Pola"]
[Black "Zapalowska, Wiktoria"]
[Result "1-0"]
[WhiteElo "1566"]
[BlackElo "1209"]
[PlyCount "89"]
[EventDate "2020.10.04"]
[EventType "swiss"]
[Tiebreak "Sum of Buchholz+Median1 Buchholz+Sonneborn-Berger (Swiss)"]

1. e4 c5 2. Nf3 e6 3. d4 cxd4 4. Nxd4 Nc6 5. Nc3 Qc7 6. Be2 a6 7. O-O Nf6 8.
Be3 Bb4 9. Bd3 O-O 10. Kh1 Ne5 11. Nce2 Neg4 12. Bf4 Bd6 13. Bxd6 Qxd6 14. Nf3
Qb6 15. Ned4 e5 16. h3 Nxf2+ 17. Rxf2 exd4 18. e5 Nd5 19. Nxd4 g6 20. c3 Re8
21. Qf3 Nf6 22. exf6 Qc7 23. Nf5 d5 24. Ne7+ Rxe7 25. fxe7 Qxe7 26. Re2 Qd8 27.
Rae1 Be6 28. Qf4 Qd7 29. h4 Rc8 30. h5 Rc6 31. h6 f5 32. Qb8+ Rc8 33. Qe5 Rc6
34. Qf6 Qf7 35. Qd8+ Qf8 36. Qxf8+ Kxf8 37. Rxe6 Rxe6 38. Rxe6 Kf7 39. Rb6 Kg8
40. Rxb7 Kh8 41. Bxa6 Kg8 42. Bb5 Kh8 43. Bc6 Kg8 44. Bxd5+ Kh8 45. Rb8# 1-0

[Event "XXVI Ogolnopolska Olimpiada Mlodziezy"]
[Site "Pulawy"]
[Date "2020.10.05"]
[Round "1.2"]
[White "Siekanska, Maria"]
[Black "Gaczol, Julia"]
[Result "1-0"]
[WhiteElo "1916"]
[BlackElo "1360"]
[PlyCount "63"]
[EventDate "2020.10.04"]
[EventType "swiss"]
[Tiebreak "Sum of Buchholz+Median1 Buchholz+Sonneborn-Berger (Swiss)"]

1. d4 d6 2. c4 e5 3. d5 f5 4. e4 Nf6 5. exf5 Bxf5 6. Nc3 Nbd7 7. Nge2 Nc5 8.
Ng3 Bd7 9. Be3 g6 10. Bxc5 dxc5 11. Bd3 Bg7 12. Nce4 Qe7 13. Qb3 b6 14. Qc2 O-O
15. O-O-O Ne8 16. Kb1 c6 17. h4 cxd5 18. cxd5 Nf6 19. h5 Ng4 20. hxg6 hxg6 21.
d6 Qe8 22. Bc4+ Be6 23. Ng5 Rxf2 24. Qb3 Bxc4 25. Qxc4+ Rf7 26. d7 Qe7 27.
d8=Q+ Rxd8 28. Rxd8+ Bf8 29. Nxf7 Qxf7 30. Rh8+ Kg7 31. Rh7+ Kxh7 32. Qxf7+ 1-0

[Event "XXVI Ogolnopolska Olimpiada Mlodziezy"]
[Site "Pulawy"]
[Date "2020.10.05"]
[Round "1.3"]
[White "Bancarewicz, Aleks"]
[Black "Fiszer, Bartosz"]
[Result "0-1"]
[WhiteElo "1757"]
[BlackElo "2225"]
[PlyCount "82"]
[EventDate "2020.10.04"]
[EventType "swiss"]
[Tiebreak "Sum of Buchholz+Median1 Buchholz+Sonneborn-Berger (Swiss)"]

1. e4 c5 2. Nf3 d6 3. d4 cxd4 4. Nxd4 Nf6 5. Nc3 Nc6 6. Bg5 e6 7. Qd2 a6 8.
O-O-O Bd7 9. f4 b5 10. Bxf6 gxf6 11. Kb1 Qb6 12. Nce2 Rc8 13. h4 Rg8 14. Rh3
Rg4 15. h5 b4 16. Rg3 Rxg3 17. Nxg3 Nxd4 18. Qxd4 Qxd4 19. Rxd4 a5 20. f5 Ke7
21. Rc4 Rxc4 22. Bxc4 Bc6 23. Bd3 Bh6 24. Ne2 Be3 25. g4 Kf8 26. c3 Kg7 27. Nd4
Bxd4 28. cxd4 Kh6 29. Kc2 exf5 30. exf5 Kg5 31. Be2 Kf4 32. Kb3 Ke3 33. d5
Bxd5+ 34. Bc4 Bxc4+ 35. Kxc4 Ke4 36. Kb5 d5 37. Kxa5 d4 38. Kxb4 d3 39. Kc3 Ke3
40. a4 d2 41. Kc2 Ke2 0-1

[Event "XXVI Ogolnopolska Olimpiada Mlodziezy"]
[Site "Pulawy"]
[Date "2020.10.05"]
[Round "1.3"]
[White "Bandyk, Joanna"]
[Black "Salamon, Julia"]
[Result "1-0"]
[WhiteElo "1191"]
[BlackElo "1551"]
[PlyCount "159"]
[EventDate "2020.10.04"]
[EventType "swiss"]
[Tiebreak "Sum of Buchholz+Median1 Buchholz+Sonneborn-Berger (Swiss)"]

1. e4 c5 2. Nf3 e6 3. d3 Nc6 4. g3 d5 5. Nbd2 Nf6 6. Bg2 Be7 7. O-O Qc7 8. Re1
O-O 9. Nf1 dxe4 10. dxe4 Rd8 11. Qe2 e5 12. Bd2 Bg4 13. h3 Nd4 14. Qd1 Nxf3+
15. Bxf3 Bxh3 16. Qe2 Bxf1 17. Kxf1 a5 18. Rad1 Qc6 19. Bc3 Qe6 20. Kg2 c4 21.
Rxd8+ Rxd8 22. Bxa5 Ra8 23. Bc3 Rxa2 24. Rd1 Ra8 25. Qe3 b5 26. Qg5 Nd7 27. Qf5
Rd8 28. Qxe6 fxe6 29. Ba5 Ra8 30. Rxd7 Rxa5 31. Rxe7 Ra2 32. Bg4 Rxb2 33. Bxe6+
Kf8 34. Rb7 Rxc2 35. Rxb5 c3 36. Rxe5 Rc1 37. Rc5 Ke7 38. Bb3 Kd6 39. Rc4 g5
40. f4 gxf4 41. gxf4 h5 42. e5+ Ke7 43. Kg3 Rg1+ 44. Kf2 Rg4 45. Kf3 Rh4 46.
Kg3 Rg4+ 47. Kh3 Kd7 48. Bd1 Rg1 49. Bc2 Rf1 50. Kg2 Ra1 51. Rxc3 Ra7 52. Bf5+
Ke7 53. Rh3 Ra4 54. Kg3 Ra3+ 55. Kh4 Ra4 56. Kg5 Ra8 57. Rxh5 Rg8+ 58. Kh4 Rf8
59. Rh7+ Kd8 60. Kg5 Rg8+ 61. Kf6 Rf8+ 62. Rf7 Rg8 63. Ke6 Rh8 64. Kd6 Rh6+ 65.
e6 Ke8 66. Re7+ Kf8 67. Kd7 Rf6 68. Rf7+ Rxf7+ 69. exf7 Kxf7 70. Bd3 Kf6 71. f5
Kf7 72. Kd6 Kf6 73. Bb1 Kf7 74. Ke5 Ke7 75. f6+ Kf7 76. Kf5 Kf8 77. Ke6 Kg8 78.
Ke7 Kh8 79. f7 Kg7 80. f8=Q# 1-0

[Event "XXVI Ogolnopolska Olimpiada Mlodziezy"]
[Site "Pulawy"]
[Date "2020.10.05"]
[Round "1.3"]
[White "Zieba, Hubert"]
[Black "Warchol, Kamil"]
[Result "1/2-1/2"]
[WhiteElo "1424"]
[BlackElo "1875"]
[PlyCount "96"]
[EventDate "2020.10.04"]
[EventType "swiss"]
[Tiebreak "Sum of Buchholz+Median1 Buchholz+Sonneborn-Berger (Swiss)"]

1. c4 e5 2. Nc3 Nf6 3. g3 c6 4. Nf3 e4 5. Nd4 Qb6 6. e3 d5 7. cxd5 cxd5 8. Bg2
Nc6 9. Nxc6 bxc6 10. d3 exd3 11. Qxd3 Bc5 12. Qc2 Bd6 13. O-O O-O 14. Re1 Re8
15. b3 Nd7 16. Na4 Qc7 17. Bb2 Bb7 18. Rac1 Qa5 19. Bc3 Bb4 20. Bxb4 Qxb4 21.
Nc5 Nxc5 22. Qxc5 Qb6 23. Red1 Rad8 24. Rd4 Qxc5 25. Rxc5 Re7 26. Ra4 Ba8 27.
Rca5 Rdd7 28. Rc5 Kf8 29. Bh3 Rc7 30. Rb4 g6 31. Rd4 Ke8 32. Bg2 f5 33. Bf1 Kd7
34. Be2 Kd6 35. b4 Bb7 36. a3 Bc8 37. Kf1 Rb7 38. Rd2 Rb6 39. Ra5 a6 40. Rc2
Rc7 41. Rc3 Bb7 42. Rcc5 Re7 43. Rc3 Re5 44. Rc2 Re8 45. Rc1 Ra8 46. Rc2 Bc8
47. Rac5 Bb7 48. Ra5 Ke5 1/2-1/2

[Event "XXVI Ogolnopolska Olimpiada Mlodziezy"]
[Site "Pulawy"]
[Date "2020.10.05"]
[Round "1.4"]
[White "Backiel, Hubert"]
[Black "Herwy, Jakub"]
[Result "0-1"]
[WhiteElo "2073"]
[BlackElo "1754"]
[PlyCount "82"]
[EventDate "2020.10.04"]
[EventType "swiss"]
[Tiebreak "Sum of Buchholz+Median1 Buchholz+Sonneborn-Berger (Swiss)"]

1. e4 c5 2. Nf3 e6 3. d4 cxd4 4. Nxd4 a6 5. Bd3 Bc5 6. Nb3 Be7 7. Qg4 g6 8. Qe2
d6 9. O-O Nd7 10. Nc3 Qc7 11. Bd2 b6 12. Rae1 Bb7 13. Kh1 h5 14. a4 Ngf6 15. f3
h4 16. Ra1 Kf8 17. Nd4 Kg7 18. Bc4 Qc8 19. Rfd1 Nh5 20. Be3 Bg5 21. Bxe6 Bxe3
22. Qxe3 fxe6 23. Nxe6+ Kf7 24. Rxd6 Re8 25. Ng5+ Kg7 26. Rad1 Nhf6 27. Qd4 Re7
28. Ne2 b5 29. Nf4 Qc4 30. Qf2 Rh8 31. Nfe6+ Kg8 32. e5 Nxe5 33. b3 Qc3 34. Qb6
Nf7 35. Rd8+ Nxd8 36. Qxd8+ Re8 37. Qb6 Qc6 38. Qd4 Rxe6 39. Nxe6 Qxe6 40. Qa7
h3 41. Rd8+ Ne8 0-1

[Event "XXVI Ogolnopolska Olimpiada Mlodziezy"]
[Site "Pulawy"]
[Date "2020.10.05"]
[Round "1.4"]
[White "Klim, Filip"]
[Black "Rosa, Antoni"]
[Result "1/2-1/2"]
[WhiteElo "1843"]
[BlackElo "1419"]
[PlyCount "139"]
[EventDate "2020.10.04"]
[EventType "swiss"]
[Tiebreak "Sum of Buchholz+Median1 Buchholz+Sonneborn-Berger (Swiss)"]

1. e4 e6 2. d4 d5 3. Nd2 c5 4. exd5 Qxd5 5. Ngf3 cxd4 6. Bc4 Qd6 7. O-O Nf6 8.
Nb3 Nc6 9. Nbxd4 Nxd4 10. Nxd4 Bd7 11. c3 Be7 12. Qf3 Qc7 13. Bd3 O-O 14. Bg5
Rfd8 15. Rfe1 Nd5 16. Qe4 g6 17. Bh6 Nf6 18. Qe2 Nd5 19. Bc4 Nf4 20. Bxf4 Qxf4
21. Bxe6 fxe6 22. Nxe6 Qf7 23. Nxd8 Bxd8 24. Rad1 Bb6 25. Rd2 Re8 26. Qd1 Bg4
27. Rxe8+ Qxe8 28. Qf1 Qe4 29. h3 Qf4 30. Qe1 Bf5 31. Qe8+ Kg7 32. Qe7+ Kh6 33.
Qf8+ Kh5 34. Re2 Qc1+ 35. Kh2 Bc7+ 36. g3 Qf1 37. Qe7 Qxh3+ 38. Kg1 Bb6 39.
Qxh7+ Kg4 40. Qxh3+ Kxh3 41. Re7 Kg4 42. Kg2 Kg5 43. Kf1 Bd3+ 44. Kg2 Kf6 45.
Rd7 Be4+ 46. f3 Bc6 47. Rd2 g5 48. g4 Ke5 49. Kg3 Bc7 50. b3 Ke6+ 51. Kf2 Bf4
52. Rd3 Bd5 53. Ke2 b5 54. Kd1 a5 55. Kc2 Ke5 56. Kd1 a4 57. Kc2 Bg3 58. bxa4
bxa4 59. Rd4 a3 60. Ra4 Bxf3 61. Kd3 Bf4 62. Ra5+ Kd6 63. Rxa3 Bxg4 64. Ke4 Bd1
65. Ra5 Kc6 66. Ra7 Bd2 67. Rg7 Bc2+ 68. Kf3 Bf5 69. Ke2 Bf4 70. Kf3 1/2-1/2

[Event "XXVI Ogolnopolska Olimpiada Mlodziezy"]
[Site "Pulawy"]
[Date "2020.10.05"]
[Round "1.4"]
[White "Lazniewska, Zofia"]
[Black "Kicinska, Anna"]
[Result "1-0"]
[WhiteElo "1506"]
[BlackElo "1170"]
[PlyCount "136"]
[EventDate "2020.10.04"]
[EventType "swiss"]
[Tiebreak "Sum of Buchholz+Median1 Buchholz+Sonneborn-Berger (Swiss)"]

1. e4 c5 2. Nf3 d6 3. c3 Nf6 4. Bd3 g6 5. Bc2 Bg7 6. d4 cxd4 7. cxd4 O-O 8. O-O
Bg4 9. Nbd2 Nc6 10. h3 Bxf3 11. Nxf3 Qb6 12. Re1 Nd7 13. d5 Nce5 14. Rb1 Rac8
15. Nxe5 Nxe5 16. Be3 Qc7 17. Bb3 b6 18. Rc1 Qb7 19. Qd2 Qa6 20. Bd4 Nd3 21.
Bxg7 Kxg7 22. Rxc8 Rxc8 23. Rd1 Ne5 24. Qe3 Qb7 25. Bc2 Nd7 26. Qe2 Rc5 27. b4
Rc3 28. Ba4 Ne5 29. Qb2 Rc4 30. Bc6 Qc8 31. f4 Rxe4 32. fxe5 Rxe5 33. Re1 Qf5
34. Rxe5 Qxe5 35. Qxe5+ dxe5 36. Kf2 Kf6 37. Be8 h5 38. h4 Kg7 39. Ke3 f5 40.
g3 Kh6 41. Bd7 Kg7 42. a4 Kf6 43. Be8 Kg7 44. Kd3 Kf6 45. a5 e4+ 46. Kd4 g5 47.
Bxh5 gxh4 48. gxh4 e5+ 49. dxe6 Kxe6 50. axb6 axb6 51. Be2 Kd6 52. h5 Ke6 53.
h6 Kf6 54. h7 Kg7 55. Ke5 Kxh7 56. Kxf5 e3 57. Ke4 Kg6 58. Kxe3 Kf6 59. Kd4 Ke6
60. Kc4 Kd6 61. Kb5 Kc7 62. Bf3 Kc8 63. Kxb6 Kb8 64. Ka6 Kc8 65. Bb7+ Kb8 66.
Bg2 Kc7 67. Ka7 Kd6 68. b5 Kd7 1-0

[Event "XXVI Ogolnopolska Olimpiada Mlodziezy"]
[Site "Pulawy"]
[Date "2020.10.05"]
[Round "1.4"]
[White "Szopa, Emilia"]
[Black "Grzesik, Nikola"]
[Result "1-0"]
[WhiteElo "1790"]
[BlackElo "1340"]
[PlyCount "53"]
[EventDate "2020.10.04"]
[EventType "swiss"]
[Tiebreak "Sum of Buchholz+Median1 Buchholz+Sonneborn-Berger (Swiss)"]

1. e4 c5 2. Nf3 d6 3. d4 cxd4 4. Nxd4 Nf6 5. Nc3 a6 6. f4 e5 7. Nf3 Bg4 8. fxe5
Bxf3 9. gxf3 dxe5 10. Qxd8+ Kxd8 11. Bg5 Nbd7 12. Nd5 Rc8 13. O-O-O Ke8 14. Bh3
Nxd5 15. Rxd5 Rc7 16. Rhd1 Nf6 17. Rd8+ Ke7 18. R1d7+ Rxd7 19. Rxd7+ Ke8 20.
Bxf6 gxf6 21. Rxb7 Bh6+ 22. Kd1 Kf8 23. Rb8+ Kg7 24. Rxh8 Kxh8 25. b4 Be3 26.
Bc8 h5 27. c3 1-0

[Event "XXVI Ogolnopolska Olimpiada Mlodziezy"]
[Site "Pulawy"]
[Date "2020.10.05"]
[Round "1.5"]
[White "Biniak, Zuzanna"]
[Black "Pawicka, Magdalena"]
[Result "0-1"]
[WhiteElo "1339"]
[BlackElo "1775"]
[PlyCount "120"]
[EventDate "2020.10.04"]
[EventType "swiss"]
[Tiebreak "Sum of Buchholz+Median1 Buchholz+Sonneborn-Berger (Swiss)"]

1. e4 c5 2. Nf3 e6 3. g3 Ne7 4. d3 Nbc6 5. c3 g6 6. Bg2 Bg7 7. Be3 b6 8. O-O d5
9. Qc2 O-O 10. Rd1 d4 11. cxd4 cxd4 12. Bc1 Bb7 13. Qe2 e5 14. Nbd2 Rc8 15. a3
Rc7 16. b4 Nb8 17. Nc4 Nd7 18. Bb2 Ba6 19. Nfd2 b5 20. Na5 Rc2 21. Rab1 Nb6 22.
Rdc1 Qc7 23. Rxc2 Qxc2 24. Qd1 Rc8 25. Bf1 Na4 26. Ba1 Qa2 27. Rc1 Qxa3 28.
Rxc8+ Bxc8 29. Qb1 Be6 30. Kg2 Nc3 31. Qb2 Qxb2 32. Bxb2 Bf8 33. Ba3 f6 34. Nb7
Nc6 35. Nc5 Bxc5 36. bxc5 b4 37. Bb2 Na4 38. Ba1 b3 39. Be2 b2 40. Bxb2 Nxb2
41. f4 Na4 42. Bd1 Nxc5 43. fxe5 fxe5 44. h3 Nxd3 45. Be2 Ndb4 46. Kf3 a5 47.
Bb5 Na7 48. Ba4 Kf7 49. g4 Ke7 50. Ke2 Bd7 51. Bxd7 Kxd7 52. Nc4 Nac6 53. Kd2
Na2 54. Kc2 Nc3 55. Kb3 Nxe4 56. h4 d3 57. Kb2 d2 58. Kc2 Nd4+ 59. Kd1 Nf3 60.
Ke2 Nc3+ 0-1

[Event "XXVI Ogolnopolska Olimpiada Mlodziezy"]
[Site "Pulawy"]
[Date "2020.10.05"]
[Round "1.5"]
[White "Olszewski, Antoni"]
[Black "Komendecki, Antoni"]
[Result "1/2-1/2"]
[WhiteElo "1412"]
[BlackElo "1801"]
[PlyCount "135"]
[EventDate "2020.10.04"]
[EventType "swiss"]
[Tiebreak "Sum of Buchholz+Median1 Buchholz+Sonneborn-Berger (Swiss)"]

1. e4 c5 2. Nf3 g6 3. d4 cxd4 4. Nxd4 Bg7 5. c4 Nc6 6. Be3 Nf6 7. Nc3 d6 8. Be2
Nxd4 9. Bxd4 O-O 10. O-O Bd7 11. Qd2 a5 12. b3 Bc6 13. f3 Nd7 14. Rfd1 Bxd4+
15. Qxd4 Qb6 16. Qxb6 Nxb6 17. Nd5 Bxd5 18. cxd5 Rfc8 19. Rac1 Nd7 20. Bb5 Nc5
21. Rc2 f5 22. exf5 gxf5 23. Re1 Kf7 24. Rc4 Rg8 25. Rh4 Rg7 26. g3 Rc8 27. Rf4
Kg6 28. g4 Rf8 29. h4 h6 30. a3 Nxb3 31. Bd3 Rgf7 32. Bxf5+ Kg7 33. Rfe4 Nd2
34. R4e3 Nc4 35. Rc3 Ne5 36. f4 Ng6 37. Bxg6 Kxg6 38. f5+ Kh7 39. Rc7 Rg8 40.
Re4 b5 41. Kf2 b4 42. axb4 axb4 43. Rexe7 Rxe7 44. Rxe7+ Kh8 45. Kf3 Rb8 46. g5
b3 47. Re1 b2 48. Rb1 Rb4 49. gxh6 Kh7 50. h5 Kxh6 51. f6 Kg5 52. f7 Rf4+ 53.
Ke3 Rxf7 54. Rxb2 Kxh5 55. Rg2 Rf5 56. Ke4 Re5+ 57. Kd4 Kh4 58. Rg6 Re1 59.
Rxd6 Kg5 60. Kc5 Rc1+ 61. Kb6 Kf5 62. Rc6 Rd1 63. d6 Ke6 64. Kc7 Rd2 65. d7+
Ke7 66. Re6+ Kxe6 67. d8=Q Rxd8 68. Kxd8 1/2-1/2

[Event "XXVI Ogolnopolska Olimpiada Mlodziezy"]
[Site "Pulawy"]
[Date "2020.10.05"]
[Round "1.5"]
[White "Pniewska, Beata"]
[Black "Kulczycka, Zofia"]
[Result "1/2-1/2"]
[WhiteElo "1170"]
[BlackElo "1493"]
[PlyCount "64"]
[EventDate "2020.10.04"]
[EventType "swiss"]
[Tiebreak "Sum of Buchholz+Median1 Buchholz+Sonneborn-Berger (Swiss)"]

1. e4 c5 2. c3 d5 3. exd5 Qxd5 4. d4 Nf6 5. Nf3 e6 6. Be2 Nc6 7. O-O cxd4 8.
cxd4 Be7 9. Nc3 Qd8 10. Bf4 O-O 11. Rc1 Nb4 12. Be5 a6 13. Bc4 b5 14. Bb3 Bb7
15. a3 Nbd5 16. Nxd5 Nxd5 17. Qd3 Bf6 18. Bc2 g6 19. Bg3 Bg7 20. Rfd1 Rc8 21.
Ne5 Nb6 22. Bb3 Bxe5 23. Rxc8 Qxc8 24. Bxe5 Qc6 25. Qh3 Qe4 26. Bxe6 fxe6 27.
Qxe6+ Rf7 28. Qe8+ Rf8 29. Qe6+ Rf7 30. Qe8+ Rf8 31. Qe6+ Rf7 32. Qe8+ Rf8
1/2-1/2

[Event "XXVI Ogolnopolska Olimpiada Mlodziezy"]
[Site "Pulawy"]
[Date "2020.10.05"]
[Round "1.5"]
[White "Wilk, Igor"]
[Black "Paprocki, Antoni"]
[Result "0-1"]
[WhiteElo "1744"]
[BlackElo "2031"]
[PlyCount "84"]
[EventDate "2020.10.04"]
[EventType "swiss"]
[Tiebreak "Sum of Buchholz+Median1 Buchholz+Sonneborn-Berger (Swiss)"]

1. e4 c5 2. Nf3 d6 3. Bb5+ Nd7 4. c3 Ngf6 5. Bd3 g6 6. O-O Bg7 7. Bc2 Ne5 8. d4
Nxf3+ 9. Qxf3 Qc7 10. Be3 O-O 11. h3 b6 12. Nd2 Bb7 13. Rac1 Rac8 14. d5 b5 15.
a4 a6 16. Qe2 c4 17. axb5 axb5 18. Ra1 e6 19. dxe6 fxe6 20. f4 Qc6 21. g4 Nd7
22. Kh2 d5 23. e5 g5 24. Kg3 gxf4+ 25. Bxf4 Rf7 26. g5 Bh8 27. Kg4 Rcf8 28. Bg3
Qc7 29. Rf6 Bxf6 30. exf6 e5 31. Bf5 Bc8 32. Kh4 Qd6 33. Re1 Rxf6 34. Bxh7+
Kxh7 35. Qh5+ Kg7 36. gxf6+ Qxf6+ 37. Qg5+ Qxg5+ 38. Kxg5 e4 39. h4 Nc5 40.
Be5+ Kh7 41. Bf6 Rg8+ 42. Kf4 Nd3+ 0-1

[Event "XXVI Ogolnopolska Olimpiada Mlodziezy"]
[Site "Pulawy"]
[Date "2020.10.05"]
[Round "1.6"]
[White "Dziewonski, Dariusz"]
[Black "Malinowski, Szymon"]
[Result "1-0"]
[WhiteElo "2014"]
[BlackElo "1740"]
[PlyCount "97"]
[EventDate "2020.10.04"]
[EventType "swiss"]
[Tiebreak "Sum of Buchholz+Median1 Buchholz+Sonneborn-Berger (Swiss)"]

1. e4 c6 2. d4 d5 3. Nc3 dxe4 4. Nxe4 Bf5 5. Ng3 Bg6 6. Bc4 e6 7. N1e2 Nf6 8.
O-O Bd6 9. f4 O-O 10. f5 exf5 11. Nxf5 Bc7 12. Neg3 Bxg3 13. Nxg3 Nbd7 14. c3
c5 15. dxc5 Nxc5 16. Qxd8 Raxd8 17. Bg5 Rd6 18. Bxf6 gxf6 19. Rf2 Ne4 20. Nxe4
Bxe4 21. g4 Rfd8 22. Raf1 Rd2 23. Rxd2 Rxd2 24. Rxf6 Rg2+ 25. Kf1 Rxg4 26.
Bxf7+ Kg7 27. Rf2 Bd3+ 28. Ke1 Rg1+ 29. Kd2 Be4 30. Bc4 Rb1 31. Ke3 Bg6 32. Bd3
Ra1 33. Bxg6 hxg6 34. b4 g5 35. Kd4 Kg6 36. Kc5 g4 37. c4 Rd1 38. a4 Rd7 39. a5
Kg5 40. b5 Kh4 41. Kb4 Kh3 42. c5 Rd4+ 43. Kb3 Rd3+ 44. Kc4 Ra3 45. c6 Rf3 46.
Rxf3+ gxf3 47. c7 f2 48. c8=Q+ Kxh2 49. Qf5 1-0

[Event "XXVI Ogolnopolska Olimpiada Mlodziezy"]
[Site "Pulawy"]
[Date "2020.10.05"]
[Round "1.6"]
[White "Grot, Blazej"]
[Black "Przybylski, Jan"]
[Result "0-1"]
[WhiteElo "1791"]
[BlackElo "1398"]
[PlyCount "58"]
[EventDate "2020.10.04"]
[EventType "swiss"]
[Tiebreak "Sum of Buchholz+Median1 Buchholz+Sonneborn-Berger (Swiss)"]

1. e4 c5 2. Nf3 e6 3. d4 cxd4 4. Nxd4 Nf6 5. Nc3 d6 6. f4 a6 7. Qf3 Qc7 8. Be3
Nbd7 9. g4 Nc5 10. g5 Nfd7 11. f5 Ne5 12. Qg3 b5 13. a3 Be7 14. O-O-O Rb8 15.
Bf4 b4 16. axb4 Rxb4 17. Bxe5 dxe5 18. g6 hxg6 19. fxg6 f6 20. b3 Qb6 21. Nde2
Nxe4 22. Nxe4 Rxe4 23. Nc3 Qe3+ 24. Qxe3 Rxe3 25. Na4 Bb7 26. Rg1 Rxh2 27. Bc4
Be4 28. Rd2 Ba3+ 29. Kd1 Bf3+ 0-1

[Event "XXVI Ogolnopolska Olimpiada Mlodziezy"]
[Site "Pulawy"]
[Date "2020.10.05"]
[Round "1.6"]
[White "Sprzeczka, Emilia"]
[Black "Oleksiuk, Anna"]
[Result "1-0"]
[WhiteElo "1488"]
[BlackElo "1167"]
[PlyCount "73"]
[EventDate "2020.10.04"]
[EventType "swiss"]
[Tiebreak "Sum of Buchholz+Median1 Buchholz+Sonneborn-Berger (Swiss)"]

1. e4 c6 2. d4 d5 3. exd5 cxd5 4. c4 Nf6 5. Nc3 Bf5 6. Nf3 e6 7. c5 Be7 8. Bf4
O-O 9. Be2 b6 10. b4 a5 11. a3 axb4 12. axb4 Nc6 13. Na2 bxc5 14. bxc5 Qa5+ 15.
Bd2 Qa3 16. O-O Qb2 17. Bc3 Qa3 18. Nb4 Qxc3 19. Nxc6 Rxa1 20. Nxe7+ Kh8 21.
Qxa1 Qc2 22. Re1 Bg4 23. Ne5 h6 24. Nxg4 Nxg4 25. Bxg4 Kh7 26. Qb1 Qxb1 27.
Rxb1 f5 28. Bh5 f4 29. Bg6+ Kh8 30. Rb6 Ra8 31. h3 Rf8 32. Rxe6 Rf6 33. Rxf6
gxf6 34. c6 Kg7 35. c7 Kf8 36. Nf5 f3 37. c8=Q# 1-0